<?xml version="1.0" encoding="UTF-8"?>
<collection xmlns="http://www.loc.gov/MARC21/slim">
 <record>
  <leader>02580nam a2200361 a 4500</leader>
  <controlfield tag="001">1/49387</controlfield>
  <controlfield tag="008">200703m20002002gr            00110 gre  </controlfield>
  <datafield tag="020" ind1=" " ind2=" ">
   <subfield code="a">9605600366 (σύνολο)</subfield>
  </datafield>
  <datafield tag="020" ind1=" " ind2=" ">
   <subfield code="a">9605600315 (τ. 1)</subfield>
  </datafield>
  <datafield tag="020" ind1=" " ind2=" ">
   <subfield code="a">9605600323 (τ. 2)</subfield>
  </datafield>
  <datafield tag="020" ind1=" " ind2=" ">
   <subfield code="a">9605600331 (τ. 3)</subfield>
  </datafield>
  <datafield tag="020" ind1=" " ind2=" ">
   <subfield code="a">960560034X (τ. 4)</subfield>
  </datafield>
  <datafield tag="020" ind1=" " ind2=" ">
   <subfield code="a">9605600358 (τ. 5)</subfield>
  </datafield>
  <datafield tag="035" ind1=" " ind2=" ">
   <subfield code="l">52389</subfield>
  </datafield>
  <datafield tag="040" ind1=" " ind2=" ">
   <subfield code="a">GR-PeUP</subfield>
  </datafield>
  <datafield tag="082" ind1="0" ind2="0">
   <subfield code="a">889.81 ΡΗΓ</subfield>
  </datafield>
  <datafield tag="100" ind1="1" ind2=" ">
   <subfield code="a">Ρήγας, Φεραίος,</subfield>
   <subfield code="d">1757-1798.</subfield>
  </datafield>
  <datafield tag="245" ind1="1" ind2="0">
   <subfield code="a">Ρήγα Βελεστινλή άπαντα τα σωζόμενα /</subfield>
   <subfield code="c">εισαγωγή, επιμέλεια, σχόλια Παναγιώτης Σ. Πίστας, Κώστας Θ. Πέτσιος, Άννα Ταμπάκη (εισαγωγή), Ines Di Salvo (φιλολογική επιμέλεια) ; γενική επιμέλεια Πασχάλης Μ. Κιτρομηλίδης.</subfield>
  </datafield>
  <datafield tag="260" ind1="0" ind2=" ">
   <subfield code="a">Αθήνα :</subfield>
   <subfield code="b">Βουλή των Ελλήνων,</subfield>
   <subfield code="c">2000-2002.</subfield>
  </datafield>
  <datafield tag="300" ind1=" " ind2=" ">
   <subfield code="a">5 τ. (315·310·231·386·187 σ.) :</subfield>
   <subfield code="b">εικ., χάρτες ;</subfield>
   <subfield code="c">25 εκ.</subfield>
  </datafield>
  <datafield tag="500" ind1=" " ind2=" ">
   <subfield code="a">Περιλαμβάνει ευρετήριο και γλωσσάριο.</subfield>
  </datafield>
  <datafield tag="505" ind1="0" ind2=" ">
   <subfield code="a">Τ. 1. Σχολείον των ντελικάτων εραστών -- Τ. 2. Φυσικής απάνθισμα δια τους αγχίνους και φιλομαθείς Έλληνας -- Τ. 3. Ο Ηθικός τρίπους -- Τ. 4. Νέος Ανάχαρσις -- Τ. 5. Νέα πολιτική διοίκησις των κατοίκων της Μικράς Ασίας των Μεσογείων νήσων και της Βλαχομπογδανίας.</subfield>
  </datafield>
  <datafield tag="600" ind1="1" ind2="4">
   <subfield code="a">Ρήγας, Βελεστινλής,</subfield>
   <subfield code="d">1757-1798.</subfield>
  </datafield>
  <datafield tag="650" ind1=" " ind2="4">
   <subfield code="a">Greek literature, Modern</subfield>
   <subfield code="y">1453-1800.</subfield>
  </datafield>
  <datafield tag="650" ind1=" " ind2="4">
   <subfield code="a">Revolutionary literature, Greek (Modern).</subfield>
  </datafield>
  <datafield tag="650" ind1=" " ind2="4">
   <subfield code="a">Ελληνική λογοτεχνία, Σύγχρονη.</subfield>
  </datafield>
  <datafield tag="700" ind1="1" ind2=" ">
   <subfield code="a">Πίστας, Παναγιώτης Σ.</subfield>
  </datafield>
  <datafield tag="711" ind1="2" ind2=" ">
   <subfield code="a">Ελλάδα. Βουλή των Ελλήνων.</subfield>
  </datafield>
  <datafield tag="852" ind1=" " ind2=" ">
   <subfield code="a">INST</subfield>
   <subfield code="b">UNIPILB</subfield>
   <subfield code="c">MAIN</subfield>
   <subfield code="e">20200703</subfield>
   <subfield code="h">889.81 ΡΗΓ</subfield>
   <subfield code="p">00183225</subfield>
   <subfield code="q">00183225</subfield>
   <subfield code="t">LOAN</subfield>
   <subfield code="v">τ.1:</subfield>
   <subfield code="y">0</subfield>
   <subfield code="z">τ.1</subfield>
   <subfield code="4">1</subfield>
  </datafield>
  <datafield tag="852" ind1=" " ind2=" ">
   <subfield code="a">INST</subfield>
   <subfield code="b">UNIPILB</subfield>
   <subfield code="c">MAIN</subfield>
   <subfield code="e">20200703</subfield>
   <subfield code="h">889.81 ΡΗΓ</subfield>
   <subfield code="p">00183226</subfield>
   <subfield code="q">00183226</subfield>
   <subfield code="t">LOAN</subfield>
   <subfield code="v">τ.2:</subfield>
   <subfield code="y">0</subfield>
   <subfield code="z">τ.2</subfield>
   <subfield code="4">1</subfield>
  </datafield>
  <datafield tag="852" ind1=" " ind2=" ">
   <subfield code="a">INST</subfield>
   <subfield code="b">UNIPILB</subfield>
   <subfield code="c">MAIN</subfield>
   <subfield code="e">20200703</subfield>
   <subfield code="h">889.81 ΡΗΓ</subfield>
   <subfield code="p">00183227</subfield>
   <subfield code="q">00183227</subfield>
   <subfield code="t">LOAN</subfield>
   <subfield code="v">τ.3:</subfield>
   <subfield code="y">0</subfield>
   <subfield code="z">τ.3</subfield>
   <subfield code="4">1</subfield>
  </datafield>
  <datafield tag="852" ind1=" " ind2=" ">
   <subfield code="a">INST</subfield>
   <subfield code="b">UNIPILB</subfield>
   <subfield code="c">MAIN</subfield>
   <subfield code="e">20200703</subfield>
   <subfield code="h">889.81 ΡΗΓ</subfield>
   <subfield code="p">00183228</subfield>
   <subfield code="q">00183228</subfield>
   <subfield code="t">LOAN</subfield>
   <subfield code="v">τ.4:</subfield>
   <subfield code="y">0</subfield>
   <subfield code="z">τ.4</subfield>
   <subfield code="4">1</subfield>
  </datafield>
  <datafield tag="852" ind1=" " ind2=" ">
   <subfield code="a">INST</subfield>
   <subfield code="b">UNIPILB</subfield>
   <subfield code="c">MAIN</subfield>
   <subfield code="e">20200703</subfield>
   <subfield code="h">889.81 ΡΗΓ</subfield>
   <subfield code="p">00183229</subfield>
   <subfield code="q">00183229</subfield>
   <subfield code="t">LOAN</subfield>
   <subfield code="v">τ.5:</subfield>
   <subfield code="y">0</subfield>
   <subfield code="z">τ.5</subfield>
   <subfield code="4">1</subfield>
  </datafield>
 </record>
</collection>
